000 00403nam a22001697a 4500
005 20251108164753.0
008 250721s1986 xx 000 0 eng d
020 _a312926294
082 1 4 _aF/PIL
100 1 _aPilcher, Rosamunde
245 1 4 _aThe Carousel /
264 1 _aNew York :
_bSt. Martins Paperbacks,
_c1986.
300 _a233P.
650 1 7 _aFICTION
942 _2ddc
_cBK
999 _c13940
_d13940